Hamilton part 1 songs sudden death - Statistics

General Stats
  • This quiz has been taken 100 times
  • The average score is 15 of 23
Answers on the Grid
Answers color-coded by a green-red scale on the quiz's grid according to % correct below.
Alexander Hamilton
Rendezvous with Rochambeau
My Shot
Farmer Refuted
Philip Schuyler’s’ Daughters
Helpless
Wait for It (Reprise)
Dear Theodosia
Number 10, paces, FiRe!
Out-Gunned, Out-Manned
Meet Me Inside
I Am Not Throwing Away My Shot
Here Comes the General
A Winter’s Ball
Rochambeau
Ten Duel Commandments
The Schuyler Sisters
My Name is Alexander Hamilton
Right Hand Man
Upside-Down
Aaron Burr, Sir
Down for the Count and I’m Drownin’ in ‘em
Satisfied
You’ll be Back
Samuel Seabury
The Story of Tonight
Thomas
Wait For It
Guns and Ships
Dear Theodosia (Reprise)
Non-Stop
Stay Alive
Farmer Refuted (Reprise)
That Would be Enough
My Dog Speaks more Eloquently then Thee
Hamilton! Hamilton! HaMiLtON!
Yorktown (The World Turned Upside Down)
Lafayette!
Who Tells Your Story?
What Comes Next?
History has its Eyes On You
Immigrants, We Get The Job Done
John Adams
The Story of Tonight (Reprise)
The Creole B******D
Man, The Man Is Non-Stop
 
Answer Stats
Answer % Correct
Alexander Hamilton
93%
My Shot
90%
Farmer Refuted
83%
Helpless
81%
Dear Theodosia
75%
Aaron Burr, Sir
70%
A Winter’s Ball
67%
Non-Stop
67%
Right Hand Man
67%
Satisfied
67%
Ten Duel Commandments
67%
The Schuyler Sisters
67%
Wait For It
65%
You’ll be Back
65%
Guns and Ships
62%
Stay Alive
62%
The Story of Tonight
62%
Yorktown (The World Turned Upside Down)
61%
History has its Eyes On You
59%
Meet Me Inside
57%
What Comes Next?
54%
That Would be Enough
52%
The Story of Tonight (Reprise)
52%
No matching quizzes found
Score Distribution
Percent of People with Each Score
Percentile by Number Answered
Your Score History
You have not taken this quiz